Vtubers by picture quiz! - Statistics

General Stats
  • This quiz has been taken 125 times
  • The average score is 4 of 10
Answer Stats
Picture Answer % Correct
Ironmouse
87%
Gawr Gura
81%
Filian
79%
Shoto
63%
Chibidoki
53%
LineChu
11%
Packet
3%
Shizu
3%
Fisky
1%
Foxz
1%
No matching quizzes found
Score Distribution
Percent of People with Each Score
Percentile by Number Answered
Your Score History
You have not taken this quiz